000 00608nam a2200241Ia 4500
003 OSt
005 20220924150234.0
006 a|||||r|||| 00| 0
007 ta
008 220923b |||||||| |||| 00| 0 tel d
020 _c35.00
024 _a332487
037 _cTextual
040 _aARTS
_cARTS
_btel
041 _2tel
_atel
082 _a035,1G04:g, M8
100 _aRao Kotiswara Au.
_9221656
245 0 _aSoveidhana chakravarti
260 _c1988
650 _aTELUGU LITERATURE
942 _h035,1G04:g, M8
_cTEXL
_2CC
999 _c462725
_d462725